El momento de la verdad /Jan Carlzon (Registro nro. 23356)
[ vista simple ]
| 000 -LÍDER | |
|---|---|
| fixed length control field | 00311nam a2200121 4500 |
| 020 ## - NÚMERO INTERNACIONAL NORMALIZADO PARA LIBROS | |
| ISBN | 84-87189-76-8 |
| 082 ## - NUMERO DE CLASIFICACION DECIMAL DEWEY | |
| Número de Clasificación | 658.4 C133e |
| 100 ## - ASIENTO PRINCIPAL--NOMBRE PERSONAL | |
| Nombre personal | Carlzon Jan |
| 245 ## - TÍTULO | |
| Título | El momento de la verdad /Jan Carlzon |
| 260 ## - PUBLICACIÓN, DISTRIBUCIÓN, ETC. (PIE DE IMPRENTA) | |
| Lugar de publicación, distribución, etc. | Madrid España : Diaz de santos |
| 300 ## - DESCRIPCIÓN FÍSICA | |
| Extensión | 141p/25cm. |
| 650 ## - ASIENTO SECUNDARIO DE MATERIA - TERMINO TEMÁTICO | |
| Término temático o nombre geográfico como elemento de entrada | 1.EL MOMENTO DELA VERDAD. |
| No. biblioteca | No. biblioteca | Número de clasificación | Código de barras/Número de adquisición | Número de copia | Tipo de material |
|---|---|---|---|---|---|
| LUIS G. INCLAN | LUIS G. INCLAN | 658.4 C133e | 13557 | 1 | Libros |
